[Event "11th Norway Armageddon"]
[Site "Stavanger NOR"]
[Date "2023.05.30"]
[Round "1.3"]
[White "Mamedyarov, Shakhriyar"]
[Black "Tari, Aryan"]
[Result "1-0"]
[WhiteTitle "GM"]
[BlackTitle "GM"]
[WhiteElo "2738"]
[BlackElo "2642"]
[WhiteFideId "13401319"]
[BlackFideId "1510045"]
[EventDate "2023.05.30"]

1. c4 e6 2. Nf3 d5 3. e3 Nf6 4. b3 Be7 5. Bb2 O-O 6. g4 Nxg4 7. Rg1 f5 8. Nc3
Bf6 9. Qc2 c6 10. d4 a5 11. O-O-O Nd7 12. Kb1 Kh8 13. h3 Nh6 14. h4 Nf7 15. Ne2
a4 16. Nf4 axb3 17. axb3 Re8 18. Nh5 Qa5 19. Ng5 Nh6 20. f3 b5 21. c5 b4 22. Qg2
Qa2+ 23. Kc2 Re7 24. Ra1 Qxa1 25. Bxa1 Rxa1 26. Kb2 Ra3 27. Nxf6 Nxf6 28. Bd3 f4
29. Qd2 Nf5 30. Qxb4 Ra8 31. Ra1 Rxa1 32. Kxa1 h6 33. Qb8 hxg5 34. hxg5 Nh5 35.
Qxc8+ Kh7 36. e4 dxe4 37. Bxe4 Ng3 38. Bd3 Kg6 39. Qxc6 Kxg5 40. Bxf5 Nxf5 41.
Qe4 Rd7 42. c6 Ra7+ 43. Kb2 Kf6 44. c7 Ne7 45. Qxf4+ Kg6 46. Qd6 Kf7 47. Qxe7+ 1-0

[Event "11th Norway Armageddon"]
[Site "Stavanger NOR"]
[Date "2023.06.01"]
[Round "3.5"]
[White "So, Wesley"]
[Black "Giri, Anish"]
[Result "1/2-1/2"]
[WhiteTitle "GM"]
[BlackTitle "GM"]
[WhiteElo "2760"]
[BlackElo "2768"]
[WhiteFideId "5202213"]
[BlackFideId "24116068"]
[EventDate "2023.05.30"]

1. c4 Nf6 2. d4 e6 3. Nc3 Bb4 4. e3 O-O 5. Bd3 d5 6. cxd5 exd5 7. Ne2 Bd6 8. O-O
Re8 9. Bd2 b6 10. Nf4 Bxf4 11. exf4 c5 12. Be3 c4 13. Bc2 Nc6 14. Re1 Nb4 15.
Bb1 Rb8 16. a3 Nc6 17. f3 b5 18. g4 a5 19. Bf2 b4 20. Rxe8+ Nxe8 21. Ne2 bxa3
22. bxa3 Rb3 23. Kg2 f5 24. Bc2 Rb2 25. Qc1 Rxc2 26. Qxc2 fxg4 27. fxg4 Bxg4 28.
h3 Bd7 29. Nc3 Nd6 30. Kh2 Qf6 31. Qd2 Nf5 32. Nxd5 Qd6 33. Nc3 Ncxd4 34. Bxd4
Nxd4 35. Qe3 Nc2 36. Ne4 Qc6 37. Qa7 Nxa1 38. Qb8+ Qc8 39. Qe5 Qe8 40. Qd5+ Qe6
41. Qa8+ Qe8 42. Qd5+ Qe6 43. Qa8+ 1/2-1/2